Paroles : Cassé - Nolwenn Leroy - Statistiques

Statistiques générales
  • Ce quiz a été pris 55 fois
  • Le résultat moyen est 136 sur 173
Statistiques - réponses
Paroles % Correct
À
98%
Ça
98%
La
98%
Le
98%
Pas
98%
Casse
95%
Cassé
95%
Ou
93%
Avec
90%
En
90%
Je
90%
Ne
90%
Passe
90%
Que
90%
Un
90%
Et
88%
Temps
88%
C'est
85%
Ni
85%
Passera
85%
Pour
85%
Les
83%
T'ai
83%
Vu
83%
Du
80%
Est
80%
Partir
80%
Une
80%
Entendu
78%
Me
78%
Porte
78%
Ton
78%
Autre
76%
Dans
76%
D'autre
76%
Dit
76%
Après
73%
L'entrée
73%
Manteau
73%
Peu
73%
Prend
73%
Quelqu'un
73%
Vérité
73%
Années
71%
Claquer
71%
Déjà
71%
Dire
71%
L'amour
71%
Mes
71%
Qui
71%
Être
68%
Face
68%
Quatre
68%
Quelques
68%
Resté
68%
Cinq
66%
Clés
66%
Comme
66%
Facile
63%
Mais
63%
Vérités
63%
M'avoir
61%
Laisse
56%
Rendant
54%
Voudra
54%
Place
51%
Depuis
46%
Puisque
46%
Sourire
46%
Se
44%
Souvenirs
44%
Venir
44%
Démodé
41%
Pleine
41%
Encore
39%
Prendre
39%
Reprendre
37%
Était
34%
Jeter
29%
Lasse
29%
Peut-être
29%
Qu'il
27%
Aucun quiz correspondant
Distribution des résultats
% des personnes avec chaque résultat
Percentile par nombre de réponses
Votre historique - résultats
Vous n’avez pas pris ce quiz